| 000 | 00000nam##2200000za#4500 |
| 001 | 9.577330 |
| 003 | CaOODSP |
| 005 | 20210624185548 |
| 007 | cr ||||||||||| |
| 008 | 150406|1998||||xxc|||||o f|0| 0 eng|d |
| 040 | |aCaOODSP|beng |
| 043 | |an-cn--- |
| 086 | 1 |aFs97-13/1037E-PDF |
| 110 | 1 |aCanada. |bDepartment of Fisheries and Oceans. |
| 245 | 10|aCatch, length, and weight data for juvenile salmonids sampled from the Campbell River Estuary and Discovery Passage, B.C., during 1994 and 1995 / |h[electronic resource]|cby S.S. Anderson and B.A. Bravender. |
| 260 | |aCampbell River - British Columbia : |bFisheries and Oceans Canada |c1998. |
| 300 | |a189p.|bfig., tables |
| 490 | 1 |aCanadian data report of fisheries and aquatic sciences|vNo. 1037 |
| 500 | |aOn t.p.: Habitat and Enhancement Branch, Pacific Region, Quinsam River Hatchery Campbell River, British Columbia. |
| 546 | |a(Résumé en français) |
| 590 | |a13-21-Supp|b2013-09-16 |
| 720 | 1 |aBravender, B. A. |
| 720 | 1 |aAnderson, S. S. |
| 830 | #0|aCanadian data report of fisheries and aquatic sciences ;|vNo. 1037|w(CaOODSP)9.505124 |
| 856 | 40|ahttp://publications.gc.ca|qPDF|s9528 KB|uhttps://publications.gc.ca/collections/collection_2013/mpo-dfo/Fs97-13-1037-eng.pdf|yNo. 1037 |